000 00894cam8a220026500 4500
001 lce01474061
008 821123s1983 paua 001 0 eng
010 _a 82023111
020 _c
_15.95
035 _a(Sirsi) r24340
035 _a(DLC) 82023111
035 _a(UPRA)lce01474061
040 _dUPRA
050 0 _aRC933
_b.K4 1983
082 0 _a616.7/22
_219
100 1 _aKeough, Carol.
_6A86763.1
245 1 0 _aNatural relief for arthritis /
_cby Carol Keough and the editors of Prevention magazine ; [illustrations by Nancy Wood].
260 _aEmmaus, PA :
_bRodale Press,
_cc1983.
500 _aIncludes index.
650 0 _aArthritis -- Prevention.
_xArthritis -- Prevention.
_6S62492.1
650 0 _aArthritis -- Treatment.
_xArthritis -- Treatment.
_6S62493.1
730 0 _aPrevention (Emmaus, Pa.)
949 _aRC933
_wLC
_i-23918
_mMEDICAL
_tBOOK
_lON-SHELF
004 24340
999 _c43592
_d43592